000 00476nam a2200193 a 4500
001 562
003 CO-ViMGA
008 141112s2004 ck r 000 u spa d
040 _aCO-ViMGA
_bspa
_cCO-ViMGA
082 0 4 _a839.3164 T375
100 1 _aTerlouw, Jan
245 1 0 _aEl rey de katoren /
_cJan Terlouw
250 _a14a
260 _aMadrid :
_bS.M,
_c1995
300 _a205 p
490 _aEl barco de vapor, 12
650 1 4 _aNOVELA HOLANDESA
_95136
942 _2ddc
_cBK
999 _c12803
_d12803